MARC

LEADER 00000nam0a2200000 4500
001 372079
005 20231102012437.0
010 |a 5752500710 
035 |a (RuTPU)RU\TPU\retro\29496 
035 |a RU\TPU\book\305045 
090 |a 372079 
100 |a 20221214d1989 m y0rusy50 ca 
101 0 |a rus 
102 |a RU 
105 |a a z 001gy 
200 1 |a Через сотни разъединяющих лет...  |e стихотворения  |f М. И. Цветаева  |g под ред. О. Л. Сафьяновой 
210 |a Свердловск  |c Изд-во Уральского ун-та  |d 1989 
215 |a 416 с.  |c ил. 
320 |a Комментарии: с. 371-404 
606 1 |a Русская литература современная  |2 stltpush  |3 (RuTPU)RU\TPU\subj\26373  |9 50316 
610 1 |a художественная литература 
610 1 |a поэзия 
610 1 |a стихотворения 
610 1 |a 20 век 
610 1 |a русские поэтессы 
675 |a Р2  |v 3 
700 1 |a Цветаева  |b М. И.  |c русская поэтесса  |f 1892-1941  |g Марина Ивановна  |2 stltpush  |3 (RuTPU)RU\TPU\pers\130  |4 070  |9 76 
702 1 |a Сафьянова  |b О. Л.  |4 340 
801 1 |a RU  |b 63413507  |c 20150121 
801 2 |a RU  |b 63413507  |c 20221214  |g RCR 
942 |c BK